000 00308nam a2200133Ia 4500
003 SISC
005 20180219103726.0
008 180205s9999 xx 000 0 und d
100 _aAllen, Henry
245 4 _aThe works of edgar allan poe /
260 _aUSA
_c1927
300 _a602 pages
942 _2lcc
_cBK
999 _c354788
_d354788